| 000 | 01944nam a2200421 c 4500 | ||
|---|---|---|---|
| 003 | BLK | ||
| 005 | 20221217122000.0 | ||
| 008 | 180411b bul|||||r ||||||| ||bul|| | ||
| 010 | _aKNG00198585000 | ||
| 020 |
_a978-954-449-832-0 _bиздат.: Стено |
||
| 040 | _aBLK | ||
| 041 |
_aBUL _cBUL |
||
| 072 | 7 |
_2bullib _aН15 _xПсихология Н |
|
| 080 |
_aПсихология на детската възраст. Интелектуално развитие на децата. Психически особености. Детски представи, описани в разкази _b159.922.7 _x _z159.922.7 |
||
| 080 |
_aПсихоанализа _b159.964.2 _x _z159.964.2 |
||
| 080 |
_aПсихоанализата като лечебно средство _b615.851.13 _x _z615.851.13 |
||
| 100 | 1 |
_aМатанова, Ваня Лукова _eпърви автор _9381368 |
|
| 139 |
_aМатанова, Ваня Лукова _bМ 38 |
||
| 245 | 1 | 0 |
_aПривързаност - там и тогава, тук и сега _cВаня Лукова Матанова. |
| 257 | _aBGR | ||
| 260 |
_аВарна _bСтено _c2015 |
||
| 300 |
_a216 с. _bсъс сх. _c20 см |
||
| 380 | _a1 | ||
| 500 | _aБиогр. данни за авт. отбелязани на гърба на кор. - Библиогр. с. 210-214. | ||
| 650 | 4 |
_aДетска и педагогическа психология _9244538 |
|
| 650 | 4 |
_aСемейство - етични проблеми _9271196 |
|
| 653 | _aпривързаност | ||
| 653 | _aдетска психология | ||
| 653 | _aпедагогическа психология | ||
| 653 | _aпсихоанализа | ||
| 653 | _aсемейна етика | ||
| 659 | _aН | ||
| 852 | _aЦб 283724 | ||
| 856 | 4 |
_qpdf _u |
|
| 856 | 4 |
_qpdf _u |
|
| 942 |
_cKNG _n0 _07 |
||
| 944 |
_aCR _c19.12.2016 _lф / _kВиолета_Тройчева |
||
| 944 |
_aED _c12.01.2017 _lф / _kЛюдмила_Стоянова |
||
| 999 |
_c189541 _d189541 |
||